000
00316nam a22001217a 4500
008
160518b xxu||||| |||| 00| 0 eng d
020
_a
9780323077583
020
_a
9780323077583
041
_a
eng
080
_a
618.2
245
_a
Long term care nursing assistants:
_c
Relda T. Kelly; Helen Chigaros;
942
_2
udc
_c
BK
999
_c
2179
_d
2179